000 00506nam a2200217Ia 4500
003 OSt
005 20221005113621.0
006 a|||||r|||| 00| 0
007 ta
008 221004b |||||||| |||| 00| 0 eng d
024 _a120063
037 _cTextual
040 _aCRL
_cCRL
_beng
041 _2eng
_aeng
100 _aKulwant Singh
_9521408
245 0 _aAalochna - 1992
260 _c1962
650 _aPUNJABI LITERATURE
942 _cTEXL
_2cc
999 _c1028759
_d1028759